<?xml version="1.0" encoding="UTF-8"?><?xml-stylesheet type="text/xsl" href="static/style.xsl"?><OAI-PMH xmlns="http://www.openarchives.org/OAI/2.0/" xmlns:xsi="http://www.w3.org/2001/XMLSchema-instance" xsi:schemaLocation="http://www.openarchives.org/OAI/2.0/ http://www.openarchives.org/OAI/2.0/OAI-PMH.xsd"><responseDate>2026-06-05T17:26:52Z</responseDate><request verb="GetRecord" identifier="oai:riuma.uma.es:10630/36583" metadataPrefix="marc">https://riuma.uma.es/rest/oai/request</request><GetRecord><record><header><identifier>oai:riuma.uma.es:10630/36583</identifier><datestamp>2026-02-03T11:29:59Z</datestamp><setSpec>com_10630_2254</setSpec><setSpec>col_10630_37953</setSpec></header><metadata><record xmlns="http://www.loc.gov/MARC21/slim" xmlns:dcterms="http://purl.org/dc/terms/" xmlns:doc="http://www.lyncode.com/xoai" xmlns:xsi="http://www.w3.org/2001/XMLSchema-instance" xsi:schemaLocation="http://www.loc.gov/MARC21/slim http://www.loc.gov/standards/marcxml/schema/MARC21slim.xsd">
   <leader>00925njm 22002777a 4500</leader>
   <datafield ind2=" " ind1=" " tag="042">
      <subfield code="a">dc</subfield>
   </datafield>
   <datafield ind2=" " ind1=" " tag="720">
      <subfield code="a">Fernández-Santamaría, Rubén</subfield>
      <subfield code="e">author</subfield>
   </datafield>
   <datafield ind2=" " ind1=" " tag="720">
      <subfield code="a">Salas, Maria</subfield>
      <subfield code="e">author</subfield>
   </datafield>
   <datafield ind2=" " ind1=" " tag="720">
      <subfield code="a">Ariza Veguillas, Adriana</subfield>
      <subfield code="e">author</subfield>
   </datafield>
   <datafield ind2=" " ind1=" " tag="720">
      <subfield code="a">Jiménez, María A.</subfield>
      <subfield code="e">author</subfield>
   </datafield>
   <datafield ind2=" " ind1=" " tag="720">
      <subfield code="a">González-Mendiola, María R.</subfield>
      <subfield code="e">author</subfield>
   </datafield>
   <datafield ind2=" " ind1=" " tag="720">
      <subfield code="a">Sánchez, María L.</subfield>
      <subfield code="e">author</subfield>
   </datafield>
   <datafield ind2=" " ind1=" " tag="720">
      <subfield code="a">Boteanu, Cosmin</subfield>
      <subfield code="e">author</subfield>
   </datafield>
   <datafield ind2=" " ind1=" " tag="720">
      <subfield code="a">Mayorga Mayorga, Cristobalina</subfield>
      <subfield code="e">author</subfield>
   </datafield>
   <datafield ind2=" " ind1=" " tag="720">
      <subfield code="a">Fernández-Duarte, Tahía Diana</subfield>
      <subfield code="e">author</subfield>
   </datafield>
   <datafield ind2=" " ind1=" " tag="720">
      <subfield code="a">Torres, María José</subfield>
      <subfield code="e">author</subfield>
   </datafield>
   <datafield ind2=" " ind1=" " tag="720">
      <subfield code="a">Laguna, José J.</subfield>
      <subfield code="e">author</subfield>
   </datafield>
   <datafield ind2=" " ind1=" " tag="260">
      <subfield code="c">2024-11-27</subfield>
   </datafield>
   <datafield ind2=" " ind1=" " tag="520">
      <subfield code="a">Omeprazole is a widely prescribed proton pump inhibitor [1], with 1%–3% of adverse reactions being reported. Up to 86% of these reactions are IgE mediated [2] and half of them anaphylaxis [1]. An accurate diagnosis is essential, with skin testing (STs) showing high specificity and positive predictive value (PPV) (100%), but lower sensitivity (60%) and negative predictive value (NPV) (70%–90%) [2]. As stated in a recent position paper of the European Academy of Allergy and Clinical Immunology (EAACI), the basophil activation test (BAT) is a reliable option in the diagnosis of immediate hypersensitivity to proton pump inhibitors [3]. In fact, previous research from our group reported that BAT has a higher sensitivity than STs (73.8%) and similar specificity, PPV (100%) and NPV (66.7%) [1]. Interestingly, the combination of STs and BAT can increase sensitivity up to 85.7%, being BAT positive in 57.1% of patients with negative STs [1].</subfield>
   </datafield>
   <datafield ind1="8" ind2=" " tag="024">
      <subfield code="a">Fernandez-Santamaria, R., Salas, M., Ariza, A., Jiménez, M.A., González-Mendiola, M.R., Sanchez, M.L., Boteanu, C., Mayorga, C., Fernandez, T.D., Torres, M.J. and Laguna, J.J. (2025), Basophil Activation Test Positivity Decreases With Time in Immediate Allergic Reactions to Proton Pump Inhibitors. Allergy. https://doi.org/10.1111/all.16406</subfield>
   </datafield>
   <datafield ind1="8" ind2=" " tag="024">
      <subfield code="a">https://hdl.handle.net/10630/36583</subfield>
   </datafield>
   <datafield ind1="8" ind2=" " tag="024">
      <subfield code="a">10.1111/all.16406</subfield>
   </datafield>
   <datafield tag="653" ind2=" " ind1=" ">
      <subfield code="a">Anafilaxia</subfield>
   </datafield>
   <datafield ind2="0" ind1="0" tag="245">
      <subfield code="a">Basophil activation test positivity decreases with time in immediate allergic reactions to proton pump inhibitors</subfield>
   </datafield>
</record>
</metadata></record></GetRecord></OAI-PMH>